Normal view
MARC view
- Graeme K Deans ; Fritz Kroeger ; Stefan Zeisel
Entry Personal Name
001 - CONTROL NUMBER
- control field: 9402
003 - CONTROL NUMBER IDENTIFIER
- control field: NUST
005 - DATE AND TIME OF LATEST TRANSACTION
- control field: 20180122090059.0
008 - FIXED-LENGTH DATA ELEMENTS
- fixed length control field: 180122|| aca||aabn | a|a d
040 ## - CATALOGING SOURCE
- Original cataloging agency: NUST
- Transcribing agency: NUST
100 ## - HEADING--PERSONAL NAME
- Personal name: Graeme K Deans ; Fritz Kroeger ; Stefan Zeisel
670 ## - SOURCE DATA FOUND
- Source citation: Work cat.: (NUST)321015: Graeme K Deans ; Fritz Kroeger ; Stefan Zeisel, Winning the merger endgame : a playbook for profiting from industry consolidation, 2003
